00788nam a2200205Ia 4500008004100000020001500041050001900056100004200075245010300117260003400220300001900254336001000273337001500283338001200298504002700310505012600337650002600463650004100489650005200530120625s2002 mx 000 0 spa d a9706477500 4aPC4410 bO76311 aOropeza Martínez, Robertoe, autor.10aTaller de lectura y redacción 1 b: por los senderos del vocabloc/ Roberto Oropeza Martínez.3 aMéxico b: Esfingec, 2002. a163 páginas. aTexto aSin medio  aVolumen aIncluye bibliografía1 aDianóstico La lengua y la comunicación Intención comunicativa del texto La comunicación y el texto periodístico14aESPAÑOLxRETÓRICA24aEPAÑOLxCOMPOSICIÓN Y EJERCICIOS24aLECTURA (EDUCACIÓN SUPERIOR)xLIBROS DE TEXTO